| 000 | 00929nam0a2200301 4500 | ||
|---|---|---|---|
| 001 | RU\NLR\bibl\38862 | ||
| 005 | 20260406054251.0 | ||
| 010 |
_a5-86471-195-0 _910000 |
||
| 021 |
_aRU _b99-15148 _9734 |
||
| 035 | _a(NLR Aleph) 000037880 | ||
| 090 |
_a195763 _c195763 |
||
| 100 | _a19990716d1999 |||y0rusy50 ca | ||
| 101 | 1 |
_arus _chun |
|
| 102 | _aRU | ||
| 105 | _ay z ||||| | ||
| 200 | 1 |
_aЗолотой "Ромео" _eРоман _fЕнэ Рейтэ _gПер. с венг. Воронкиной Т. И. |
|
| 210 |
_aМ. _cPhantom press _d1999 |
||
| 215 |
_a320 c. _d16 |
||
| 225 | 1 | _aМышьяк и кружево | |
| 686 | _aШ6(4Вн)67-446 | ||
| 700 | 1 |
_4070 _8rus _7ca _aРейтэ _bЕ. _f1905-1943 _gЕне _3RU\NLR\auth\778852 _9118733 |
|
| 801 | 0 |
_aRU _bNLR _c19990716 _gPSBO |
|
| 801 | 1 |
_aRU _bNLR _c19990716 |
|
| 852 |
_aNLR _j99-2/1377 |
||
| 942 | _cBOOK | ||
| 980 | _aNB | ||